QUIZ O AFRYCE - Statystyki

Ogólne statystyki
  • Ten quiz został rozwiązany 80 razy
  • Średni wynik to 31 z 39
Statystyki odpowiedzi
Zagadnienie Komórka Select % Poprawnych
Jakie są dwa największe afrykańskie rzeki? (3 pkt) Niger i Kongo Nie
100%
Jaka jest główna pustynia Afryki? (1 pkt) Gobi Nie
99%
Jaka jest główna pustynia Afryki? (1 pkt) Wiktoria Nie
99%
Jaki jest najwyższy szczyt Afryki? (2 pkt) K2 Nie
97%
Jaki jest najwyższy szczyt Afryki? (2 pkt) Mount Everest Nie
97%
Jaka jest główna pustynia Afryki? (1 pkt) Sahara Tak
95%
Jaki jest najwyższy szczyt Afryki? (2 pkt) Kilimandżaro Tak
93%
Jakie jest najbogatsze państwo Afryki? (3 pkt) Kongo Nie
93%
Jakie morza oblewają Egipt? (3 pkt) Czerwone i Czarne Nie
92%
Czy Nil jest większy od Amazonki? (2 pkt) Są takie same Nie
92%
Jakie państwo Afryki ma najdłuższą linię brzegową?(Nie wliczając Madagaskaru) (3 pkt) Namibia Nie
89%
Jak nazywa się podległe państwo na terenie Somalii? (4 pkt) Republika Somaliowa Nie
89%
Jakie jest największe miasto Afryki? (4 pkt) Kinszasa Nie
88%
Jaka jest oficjalna nazwa zwanego potocznie Suazi? (3 pkt) Republika Wschodniej Afryki Nie
88%
Jakie jest najdalej na północ wysunięte państwo Afryki? (2 pkt) Algieria Nie
87%
Jaka jest stolica Togo? (4 pkt) Dodoma Nie
87%
Jaka jest oficjalna nazwa zwanego potocznie Suazi? (3 pkt) Lesotho Nie
87%
Jakie jest największe miasto Afryki? (4 pkt) Kapsztad Nie
84%
Jakie morza oblewają Egipt? (3 pkt) Czarne i Śródziemne Nie
83%
W jakim kraju leży miasto Xai - Xai? (pkt 4) Republika Południowej Afryki Nie
81%
Jakie są dwa największe afrykańskie rzeki? (3 pkt) Kongo i Nil Tak
79%
Jakie są dwa największe afrykańskie rzeki? (3 pkt) Nil i Zambezi Nie
79%
Jaka jest oficjalna nazwa zwanego potocznie Suazi? (3 pkt) Eswatini Tak
75%
Jakie jest najdalej na północ wysunięte państwo Afryki? (2 pkt) Maroko Nie
75%
Jakie morza oblewają Egipt? (3 pkt) Śródziemne i Czerwone Tak
75%
Jaka jest stolica Togo? (4 pkt) Sao Tome Nie
73%
Jakie jest największe miasto Afryki? (4 pkt) Kair Tak
72%
Jakie państwo Afryki ma najdłuższą linię brzegową?(Nie wliczając Madagaskaru) (3 pkt) Mozambik Nie
72%
Czy Nil jest większy od Amazonki? (2 pkt) Tak Nie
72%
Jak nazywa się podległe państwo na terenie Somalii? (4 pkt) Somailand Nie
68%
Czy Nil jest większy od Amazonki? (2 pkt) Nie Tak
67%
Jak nazywa się podległe państwo na terenie Somalii? (4 pkt) Somaliland Tak
63%
Jakie jest najdalej na północ wysunięte państwo Afryki? (2 pkt) Tunezja Tak
63%
Jakie jest najbogatsze państwo Afryki? (3 pkt) Egipt Nie
60%
Jakie państwo Afryki ma najdłuższą linię brzegową?(Nie wliczając Madagaskaru) (3 pkt) Republika Południowej Afryki Tak
60%
W jakim kraju leży miasto Xai - Xai? (pkt 4) Tanzania Nie
60%
Jaka jest stolica Togo? (4 pkt) Lome Tak
59%
Jakie jest najbogatsze państwo Afryki? (3 pkt) Republika Południowej Afryki Tak
56%
W jakim kraju leży miasto Xai - Xai? (pkt 4) Mozambik Tak
43%
Nie znaleziono quizów pasujących do podanych kryteriów
Rozkład punktacji
Procent ludzi z każdym wynikiem
Percentyl według liczby udzielonych odpowiedzi
Twoja historia wyników
Nie rozwiązałeś tego quizu